| 000 | 01315nas a2200277Ia 4500 | ||
|---|---|---|---|
| 001 | R240-R2751 | ||
| 003 | IT-CnALBA | ||
| 008 | 170116c99999999xx |||||||||||| ||und|| | ||
| 040 |
_aIT-CnALBA _cIT-CnALBA |
||
| 041 | _aITALIANO | ||
| 100 | _aBONAVENTURA DA BAGNOREGIO, SANTO | ||
| 210 | _aINCONTRI BENAVENTURIANI | ||
| 222 | _aINCONTRI BENAVENTURIANI | ||
| 245 | 0 | _aINCONTRI BENAVENTURIANI. LA TEOLOGIA SPIRITUALE IN S. BONAVENTURA. N. VI. 1970. | |
| 250 | _a1a ed. | ||
| 260 |
_aASSISI (PG) _bPORZIUNCOLA EDIZIONI _c1970 |
||
| 300 | _a157 p. | ||
| 310 | _aVARIA | ||
| 362 | _a (1970) | ||
| 500 | _aATTI DEL X INCONTRO AL CENACOLO BONAVENTURIANO. MONTECALVO IRPINO 1969. S. FRANCESCO ESEMPLARE DI S. BONAVENTURA. ITINERARIO DELLA MENTE IN DIO. ORAZIONE E CONTEMPLAZIONE. CRISTOCENTRISMO MISTICO. BLASUCCI A. BOUGEROL G. VEUTHEY L. LARRAGNAGA T. | ||
| 501 | _aSocietà San Paolo EM - Piazza San Paolo, 14 - 12051 ALBA (CN) (non commercial uses only) ® Copyright 2017 | ||
| 520 | _aATTI DEL X INCONTRO AL CENACOLO BONAVENTURIANO. MONTECALVO IRPINO 1969. S. FRANCESCO ESEMPLARE DI S. BONAVENTURA. ITINERARIO DELLA MENTE IN DIO. ORAZIONE E CONTEMPLAZIONE. CRISTOCENTRISMO MISTICO. BLASUCCI A. BOUGEROL G. VEUTHEY L. LARRAGNAGA T. | ||
| 650 | _aTEOLOGIA SPIRITUALE | ||
| 942 | _cCR | ||
| 957 | _71 | ||
| 999 |
_a12795 _bNO _g1 _c320850 _d320850 |
||